| 000 | 00604cab a2200229 4500 | ||
|---|---|---|---|
| 001 | ABS51587 | ||
| 008 | 090401t1994 xxu||||| |||| 00| 0 eng d | ||
| 035 | _a(Sirsi) u34196 | ||
| 041 | _aeng | ||
| 100 | _aIreland, P. | ||
| 245 | _aDeskMapper: take it as read | ||
| 260 | _c1994 | ||
| 350 | _a0 | ||
| 490 |
_aMapping Awareness _v8(8) October 1994, 16-17(2) |
||
| 520 | _aReviews DeskMapper, a new AutoCAD-based mapping system. | ||
| 650 | _aAUTOCAD | ||
| 650 | _aCAD SOFTWARE | ||
| 650 | _aDESKTOP MAPPING SYSTEMS | ||
| 690 | _aMAPPING AND MEASUREMENT | ||
| 942 | _n0 | ||
| 948 | _c04/03/1997 | ||
| 999 |
_c22682 _d22682 |
||